000 00658nam a2200217Ia 4500
005 20241129105958.0
008 241129s9999||||xx |||||||||||||| ||und||
020 _a978-1-009-18025-2
037 _aTB
040 _aARTS
_beng
_cARTS
041 _aeng
_2eng
084 _aW6.2 R2
_qARTS
100 _aSen Ronojoy Au.
_9694281
245 0 _aHouse of the people: parliament and the the making of Indian democracy
_cSen Ronojoy Au.
260 _aCambridge, UK
_bCambridge University Press
_c2022
300 _axv,311p.
365 _aINR
_b1095
650 _aPolitical ScienceDemocracy
_9726228
942 _cTB
_hW6.2 R2
999 _c1226854
_d1226854